000
00251nam a2200109Ia 4500
008
200302s9999 xx 000 0 und d
100
_a
Marcia Rand
245
_a
Be Your Own Decorator
260
_b
Dodd Mead & Company
260
_c
1959
300
_a
176 P.,
999
_c
411
_d
411